| 000 | 01262nam a2200241Ii 4500 | ||
|---|---|---|---|
| 003 | JO-AjNU | ||
| 005 | 20240624095629.0 | ||
| 008 | 230605s9999||||xx |||||||||||||| ||und|| | ||
| 040 |
_aJO-AjNU _bara _erda _cJO-AjNU |
||
| 041 | _aara | ||
| 050 | 1 | 4 | _aBP173.75 2018 |
| 100 |
_aالقندولي، امجد احمد خليفة _eمعد _965502 |
||
| 245 | 0 | 0 |
_aامكانية تحول المصارف التقليديه الى مصارف اسلاميه في ليبيا = The possibility of conversaion process of conventional bank to islamic bank in libya / _cاعداد امجد احمد خليفة القندولي؛ اشراف اسامة عبد المجيد العاني |
| 264 | 3 | 1 | _a 2018 |
| 300 | _a112 ورقة | ||
| 336 |
_atext _btxt _2rdacontent |
||
| 337 |
_aunmediated _bn _2rdamedia |
||
| 338 |
_avolume _bnc _2rdacarrier |
||
| 500 | _aرساله جامعيه (ماجستير في المصارف الاسلاميه) - جامعة عجلون الوطنيه (عجلون ، الاردن) ، كلية ادارة الاعمال ، قسم المصارف الاسلاميه ، 2018 | ||
| 650 | 4 |
_aالبنوك الاسلاميه - الجوانب الدينيه - ليبيا _958268 |
|
| 700 | 1 |
_aالعاني، أسامة _950895 _eمشرف |
|
| 942 |
_2lcc _cTHS |
||
| 999 |
_c29725 _d29725 |
||